| 000 | 01044nam a22002657a 4500 | ||
|---|---|---|---|
| 003 | DO-SdBNP | ||
| 005 | 20210809130424.0 | ||
| 008 | 210804b 2020 dr 00| 0 eng d | ||
| 020 | _a9789945613742 | ||
| 040 |
_aBPMSU _bspa _cBPMSU |
||
| 082 |
_a _bH557c 2020 _222 |
||
| 100 | 1 |
_aHernández Núñez, Ángela, _d1954- |
|
| 245 | 1 | 0 |
_aCharamicos / _cÁngela Hernández Núñez ; diagramación: Rafael Rolando Delmonte Soriano. |
| 260 |
_aSanto Domingo : _bArchivo General de la Nación, _c2020. |
||
| 300 |
_a630 p. ; _c26 cm. |
||
| 490 | 0 |
_a Archivo General de la Nación, _v406 |
|
| 500 | _aIncluye datos biográficos de la autora en la solapa de la cubierta | ||
| 505 | 0 |
_gPrimera parte. _tLas raíces del furor -- _gSegunda parte. _tGuerra fría cabeza caliente -- _gTercera parte. _tConstante la aurora -- |
|
| 590 | _aInventariado, 2021 /VM | ||
| 650 | 4 | _a Literatura dominicana | |
| 650 | 4 | _aNovela dominicana | |
| 710 | 2 | _a Archivo General de la Nación (República Dominicana) | |
| 910 | _aVMAteo V. | ||
| 942 |
_2ddc _cBK |
||
| 999 |
_c13642 _d13642 |
||